000 01059nam a22003137a 4500
001 BR7101136
003 BR-BrBNA
005 20230928083732.0
007 ta
008 230509b bl.||||| |||| 00| 0 por d
040 _aBR-BrBNA
_bpor
_cBiblioteca Nacional de Agricultura
041 _a(Por)
072 _aF25; F22
_b3840
_b3830
_b/G514
090 _ 3840 BR7101136
100 1 _aPundek, M.
110 1 _aUniversidade Federal do Rio Grande do Sul, Porto Alegre (Brasil)
_0Tese (Mestrado)
245 1 _aEfeito da calagem e do fosforo em oito solos de Santa Catarina [fertilidade do solo, Brasil]
260 3 _aPorto Alegre, RS (Brasil):
_c1971.
300 _a82 p.
500 _a10 illus.; Bibliography p. 66-76. (*) Documento disponível na(o) Empresa Catarinense de Pesquisa Agropecuaria, Florianopolis, SC (Brazil)
650 _aFERTILIDADE DO SOLO
650 _aCALAGEM
650 _aFOSFORO
650 _aACIDEZ DO SOLO
650 _aANALISE QUIMICA
650 _aSANTA CATARINA
909 _a202309
_bLucia
_c55
_dLucia Elande
942 _cBK
999 _c14991
_d14991